000 00586cam a2200193 a 4500
020 _a0070109389
040 _cDLC
082 0 0 _a519 WCB 1998 A033 Or.
100 1 _aChapra, Steven C.
245 1 0 _aNumerical methods for engineers :
_bwith programming and software applications /
250 _a3rd ed.
260 _aBoston :
_bWCB/McGraw-Hill,
_cc1998.
300 _axix, 924 p. :
_bill. ;
_c24 cm. +
_e1 computer disk (3 1/2 in.)
650 0 _aEngineering mathematics
650 0 _aNumerical calculations
650 0 _aMicrocomputers
700 1 _aCanale, Raymond P.
942 _cEK
999 _c12584
_d12584